[Event "Airthings Masters MCCT Prel 2022"]
[Site "Online"]
[Date "2022.02.13"]
[Round "13.2"]
[White "Praggnanandhaa R"]
[Black "Keymer, Vincent"]
[Result "1/2-1/2"]
[WhiteElo "2612"]
[BlackElo "2664"]
[Annotator "TA"]
[PlyCount "90"]
[EventDate "2022.02.18"]
[EventType "tourn"]
[EventCountry "NET"]
[SourceTitle "playchess.com"]
[Source "ChessBase"]
[SourceQuality "1"]

{[%evp 12,90,4,6,13,0,11,2,8,0,0,0,0,-8,12,-10,37,20,10,29,32,18,63,59,56,56,58,9,9,16,21,8,29,26,26,28,25,39,32,7,6,0,26,0,0,0,0,0,0,0,0,0,0,0,0,0,0,0,0,0,8,5,10,10,8,0,0,0,0,0,0,0,0,0,0,0,0,0,0,0,0]} 1. e4 c6 2. d4 d5 3. e5 Bf5 4. h4 h5 5. Bd3 Bxd3 6. Qxd3 e6 7. Nf3 Qa5+ {B12: Caro-Kann: Advance Variation.} 8. Nbd2 Nh6 9. O-O Nf5 10. a4 {10.Nb3 is becoming the main line.} Qa6 11. c4 Bb4 {Prevents Qc3.} 12. b3 c5 13. Qb1 Nxd4 (13... dxc4 $11 14. dxc5 Bxd2 15. Bxd2 cxb3) 14. Nxd4 $14 cxd4 {[#]} 15. cxd5 $146 ({Predecessor:} 15. Rd1 Qa5 16. cxd5 Qxd5 17. Nf3 Nc6 18. Bb2 Qxb3 19. Nxd4 Nxd4 20. Bxd4 Qxb1 21. Raxb1 {½-½ (35) Becker,A-Johnson,S ICCF email 2021}) 15... exd5 16. Nf3 {[%cal Oe5e6]} Qg6 (16... O-O $11) 17. Qxg6 fxg6 18. Bb2 ({Reject} 18. Nxd4 Bc3 19. Be3 Bxa1 20. Rxa1 Nc6 $17) 18... Nc6 19. Nxd4 (19. Rfd1 $14) 19... Nxd4 $11 20. Bxd4 Ke7 21. Rfd1 Rhc8 22. Rd3 Rc6 $1 23. Rad1 Ke6 $1 24. Rg3 Kf7 25. Rf3+ Ke6 26. Rg3 Kf7 27. f4 {[%cal Of4f5]} Be7 {The position is equal.} 28. f5 gxf5 {White must now prevent ...g6.} 29. e6+ $1 {[%mdl 64] [#] Decoy} Kxe6 30. Re1+ Kd7 {aiming for ...g6.} 31. Rxg7 Re6 32. Rxe6 Kxe6 {[%mdl 4096] Endgame KRB-KRB} 33. Rg6+ Kd7 34. Rh6 Bxh4 35. Rxh5 Bg3 36. Rxf5 Kc6 37. Rf6+ Kd7 38. Rg6 Bd6 39. g4 a6 40. Kf2 Re8 41. g5 Re4 42. Rg7+ Ke6 43. Rg6+ Kd7 44. Rg7+ Ke6 45. Rg6+ Kd7 {Weighted Error Value: White=0.05 (flawless) /Black=0.04 (flawless)} 1/2-1/2

[Event "Airthings Masters MCCT Prel 2022"]
[Site "Online"]
[Date "2022.02.13"]
[Round "14.3"]
[White "Abdusattorov, Nodirbek"]
[Black "Aronian, Levon"]
[Result "0-1"]
[WhiteElo "2651"]
[BlackElo "2772"]
[Annotator "TA"]
[PlyCount "114"]
[EventDate "2022.02.18"]
[EventType "tourn"]
[EventCountry "NET"]
[SourceTitle "playchess.com"]
[Source "ChessBase"]
[SourceQuality "1"]

{[%evp 13,114,0,0,-8,32,-15,-15,-7,-7,-7,-7,-15,-18,-9,-8,-17,-11,-35,11,0,0,-14,-9,-33,0,0,6,10,15,10,14,12,6,10,4,7,18,0,0,0,0,0,0,0,0,0,0,0,0,0,0,0,0,0,0,0,0,0,0,0,0,0,0,0,0,0,0,-29,-29,-43,-32,-225,-214,-222,-219,-225,-216,-228,-228,-430,-426,-592,-454,-667,-633,-645,-674,-1718,-1656,-29962,-29960,-29964,-29965,-29964,-29965,-29969,-29970,-29971,-29972,-29971,-29972,-12842,-1415]} 1. c4 Nf6 2. Nc3 e5 3. Nf3 Nc6 4. e4 Bc5 5. Nxe5 Nxe5 6. d4 Bb4 7. dxe5 Nxe4 $1 8. Qf3 {outshines the older 8.Qd4. A28: English Opening: Four Knights Variation.} f5 9. Be2 (9. exf6 O-O $1 $15) (9. Bd3 $1 $14) 9... O-O $11 10. O-O {The position is equal.} Bxc3 11. bxc3 Qe7 {Prevents Ba3.} 12. Qe3 ({Much worse is} 12. Bf4 b6 $15) 12... b6 13. f3 Nc5 14. Ba3 {[#]} d6 $146 ({Predecessor:} 14... Bb7 15. Bxc5 bxc5 16. f4 d6 17. Bf3 Bxf3 18. Rxf3 Rfe8 19. Re1 Rab8 20. Qd3 Qf7 {½-½ (31) Tartakower,S-Thomas,G Ujpest 1934}) 15. f4 (15. Bxc5 $5 bxc5 16. f4 $11) 15... Be6 (15... Ne4 $15 {should be considered.}) 16. exd6 cxd6 17. Bf3 {Threatens to win with Bxc5.} Rae8 18. Rfe1 {Strongly threatening Bxc5.} Qf6 19. Qd4 Qxd4+ 20. cxd4 Nd3 21. Red1 Bxc4 22. Bxd6 {This bishop pair is nice.} Rf7 23. a4 Rd8 24. Be5 Rfd7 25. h4 Kf7 26. Rdb1 Nxe5 27. dxe5 Rd4 28. Rd1 Ke7 29. Kf2 Bb3 (29... Rxf4 $2 30. Rxd8 Kxd8 31. Rd1+ Ke8 32. Kg3 (32. g3 Rxf3+ 33. Kxf3 Bb3 $18) 32... Rxf3+ 33. gxf3 $18) 30. Rxd4 Rxd4 {[%mdl 4096] Endgame KRB-KRB} 31. a5 Rxf4 32. axb6 axb6 33. Ra7+ Kf8 34. Ra8+ Kf7 35. Ra7+ Kg6 36. Rb7 Rb4 37. Ke3 Kh6 38. Kd3 g6 39. Kc3 Rb5 40. Re7 Ba2 41. Re8 Rc5+ 42. Kd4 $2 {Now White is beyond hope.} (42. Kd3 $15) 42... Rc4+ $19 43. Ke3 Rxh4 44. e6 {[#]} Ra4 $1 45. Bc6 b5 {[%cal Bb6b5,Bb5b4][%mdl 32]} 46. Bd7 $2 (46. e7 {might work better.} Ra7 47. Kd4 (47. Bxb5 $2 Bf7 $19)) 46... Re4+ 47. Kf3 Bd5 {...Rxe6+ is the strong threat.} 48. Kf2 (48. Rb8 $142 Rxe6+ 49. Kf2) 48... b4 49. Rb8 Bxe6 50. Bxe6 Rxe6 51. Rxb4 {KR-KR} Kg5 52. g3 h5 53. Kf3 Re4 54. Rb3 h4 55. gxh4+ Rxh4 56. Rb6 Rh3+ 57. Kg2 Rc3 {Weighted Error Value: White=0.41/Black=0.06 (flawless)} (57... Ra3 $142 58. Rb2 Kg4) 0-1

[Event "Airthings Masters MCCT Prel 2022"]
[Site "Online"]
[Date "2022.02.13"]
[Round "14.4"]
[White "Esipenko, Andrey"]
[Black "Duda, Jan-Krzysztof"]
[Result "0-1"]
[WhiteElo "2714"]
[BlackElo "2760"]
[Annotator "TA"]
[PlyCount "142"]
[EventDate "2022.02.18"]
[EventType "tourn"]
[EventCountry "NET"]
[SourceTitle "playchess.com"]
[Source "ChessBase"]
[SourceQuality "1"]

{[%evp 9,142,11,12,0,18,16,9,6,12,14,44,0,34,0,0,0,25,0,0,0,18,0,0,-15,-15,0,0,-18,0,0,0,0,0,-83,-80,-89,-89,-160,-161,-166,-162,-183,-170,-170,-168,-332,-325,-360,-217,-185,-168,-315,-166,-159,-134,-144,-96,-111,-102,-122,-45,-61,-61,-67,0,-308,-178,-183,-179,-165,-176,-179,-175,-187,-185,-377,-285,-253,0,0,0,0,0,-10,-10,-11,-14,-10,-11,-16,-16,-15,-16,-35,-33,-33,-24,-23,0,-28,-6,-33,0,0,0,-34,0,0,0,0,0,0,0,-67,-47,-251,-130,-224,-131,-216,-161,-401,-377,-386,-371,-324,0,-300,-265,-370,-326,-429,-391,-753,-699]} 1. e4 e5 2. Nf3 Nc6 3. Bc4 Bc5 4. d3 Nf6 5. a4 a5 6. Nc3 {C50: Hungarian Defence and Giuoco Pianissimo.} h6 7. Be3 Bxe3 8. fxe3 {The position is equal.} d6 9. Qe2 {[#]} Ne7 $146 ({Predecessor:} 9... O-O 10. O-O-O Nb4 11. d4 Qe7 12. h3 exd4 13. exd4 d5 14. exd5 Qxe2 15. Bxe2 Nfxd5 16. Nxd5 Nxd5 {½-½ (42) Van Foreest,J (2702)-Robson,R (2676) Chess.com INT 2022}) 10. Nh4 (10. O-O-O $14) 10... Be6 11. O-O Bxc4 12. dxc4 Nd7 13. Qg4 g6 14. Rf2 Rh7 15. Raf1 c6 16. Rd1 Nc8 17. Nf3 (17. Nxg6 $2 Rg7 18. Qh4 Rxg6 $19) 17... Qe7 18. b3 Kd8 19. h4 Kc7 20. Qh3 Nc5 21. Rdf1 (21. h5 $11) 21... Nb6 $17 22. h5 Nbd7 23. hxg6 ({White should play} 23. Qh4 Qe6 24. Qh2) 23... fxg6 24. Nh4 Rg8 25. Qg4 Rhg7 26. Qh3 h5 27. Nf3 $2 (27. g3 {was called for.}) 27... g5 $19 28. Nd2 Rh7 {Threatens to win with ...g4.} 29. g3 Nf8 30. Rf6 (30. Qf5 {might work better.}) 30... Ncd7 (30... g4 $142 31. Qh4 Ng6 32. Rxg6 Qxh4 33. gxh4 Rxg6) 31. R6f5 Ng6 {And now ...g4 would win.} 32. Qh2 Rgg7 ({Better is} 32... Kb8 33. Qf2 h4) 33. c5 $17 Nxc5 34. Nc4 g4 (34... b6 $1 $17 35. Rf6 Rf7 36. Rxd6 (36. Rxg6 $2 Rxf1+ 37. Kxf1 Qf7+ 38. Kg1 Qxg6 $19) 36... Rxf1+ 37. Kxf1 h4) 35. Rxh5 Nf8 36. Rff5 ({Don't play} 36. Nxa5 Nfe6 37. b4 Nd7 $11) 36... Nfe6 (36... Rxh5 $15 37. Qxh5 Nh7) 37. Qe2 $2 {[%mdl 8192]} (37. Qh4 $11) 37... Rxh5 (37... Ng5 $142 38. Rxh7 Rxh7 39. Qxg4 Rg7) 38. Rxh5 $19 {[#]} Ng5 $1 39. Nd2 {To avoid Nf3+} Qf7 40. Rh6 Nf3+ 41. Nxf3 gxf3 42. Qh2 (42. Qf2) 42... Nd7 {Strongly threatening ...Nf6.} 43. Nd1 f2+ $2 (43... d5 $19 {White must now prevent ...Nc5.} 44. Nf2 d4 45. exd4 Qf4) 44. Qxf2 $11 Qe7 45. Qf3 Rf7 46. Qe2 Qg5 {[%csl LRg3,LRh6]} 47. Rh3 Nf6 48. Nf2 Qg6 49. g4 Nxe4 50. Nxe4 Qxe4 {[%mdl 4096] Endgame KQR-KQR} 51. Qg2 Qb4 {aiming for ...Qe1+.} 52. Qe2 {To avoid Qe1+} Rg7 53. Rg3 Rg5 54. Kh2 d5 55. Qf3 Qd2+ (55... Qc3 $5 {[%cal Rc3c2]} 56. Qf2 Qc5 $15) 56. Rg2 $1 Qe1 $36 {[%mdl 2048] Black is more active.} 57. Qg3 Qc1 58. Qf2 Kb6 59. Rg1 Qb2 60. Rg2 Qc3 61. Kh3 (61. e4+ $1 $11 d4 62. Qf6) 61... e4 {Black is more active.} 62. Qf4 $2 (62. Rg3 $1 $15) 62... Qh8+ 63. Kg3 {[#]} Rg8 (63... Rg6 $1 $19 {[%cal Rg6h6] Hoping for ...Rh6.} 64. g5 Rg8) 64. Rh2 (64. c4 $17) 64... Qc3 ({Weaker is} 64... Qg7 65. c4 $17) 65. g5 $2 (65. Rh7 Qe1+ 66. Kh2 Qd2+ 67. Kg3) 65... Qe1+ $19 66. Kg2 Qe2+ 67. Kg3 Qe1+ 68. Kg2 $1 Qd1 69. Rh7 {Intending Qc7+ and mate.} Qxc2+ 70. Kh3 {White wants to mate with Qc7+.} Qxb3 71. Kg4 $2 (71. Qc7+ Ka6 72. Kh4) 71... Qd1+ {Weighted Error Value: White=0.25 (precise) /Black=0.22 (precise)} 0-1

[Event "Airthings Masters MCCT Prel 2022"]
[Site "Online"]
[Date "2022.02.13"]
[Round "14.5"]
[White "Nepomniachtchi, Ian"]
[Black "Ding, Liren"]
[Result "1/2-1/2"]
[WhiteElo "2773"]
[BlackElo "2799"]
[Annotator "TA"]
[PlyCount "133"]
[EventDate "2022.02.18"]
[EventType "tourn"]
[EventCountry "NET"]
[SourceTitle "playchess.com"]
[Source "ChessBase"]
[SourceQuality "1"]

{[%evp 16,133,10,0,11,7,29,5,19,4,21,13,10,18,6,5,4,11,18,0,0,0,0,0,0,0,0,1,18,0,0,0,0,0,0,-7,0,0,37,23,52,51,44,46,100,94,115,106,118,118,192,189,177,162,162,113,162,157,162,170,189,174,142,108,108,108,108,108,108,94,94,94,94,52,62,74,94,94,94,94,94,94,188,188,188,188,173,6,652,642,606,431,342,0,0,0,39,61,117,91,83,88,192,192,192,0,0,0,0,0,0,0,0,0,0,0,0,0,0,0]} 1. e4 {Krasenkow,Michal} e5 2. Nf3 Nc6 3. Bb5 {[%cal Bf1b5,Bb5a4,Ba4b3,Bb3a2][%mdl 32]} a6 4. Ba4 Nf6 5. O-O Be7 6. d3 b5 7. Bb3 d6 8. a3 O-O 9. Nc3 Na5 {C77: Ruy Lopez: 3...a6 4 Ba4 Nf6, unusual lines.} 10. Ba2 Be6 11. b4 Nc6 12. Bg5 Bxa2 13. Rxa2 Qd7 14. Bxf6 Bxf6 15. Nd5 a5 16. Rb2 axb4 17. axb4 Bd8 18. c4 Nd4 19. Nxd4 exd4 20. Qc2 {[#]} c6 $146 ({Predecessor:} 20... Re8 21. g3 bxc4 22. Qxc4 c6 23. Nf4 Bg5 24. Ne2 d5 25. exd5 cxd5 26. Qb3 h5 {1-0 (40) Nepomniachtchi,I (2774)-Ding,L (2805) Ekaterinburg 2020 CBM 202 [Krasenkow,Michal]}) 21. Nf4 Qb7 22. cxb5 Qxb5 23. Ne2 Bf6 24. g3 Ra3 25. Rb3 Rxb3 26. Qxb3 Ra8 27. Rc1 g6 28. Qc4 $1 Qxc4 29. Rxc4 $14 {[%mdl 4096] Endgame KRB-KRN} Ra2 (29... d5 $14 30. exd5 (30. Rxc6 dxe4 31. Nf4 exd3 $11) 30... cxd5) 30. Kf1 $16 Ra1+ 31. Kg2 Ra2 32. Nxd4 Bxd4 (32... d5 $16 33. Rc2 Rxc2 34. Nxc2 dxe4) 33. Rxd4 {KR-KR} c5 34. bxc5 dxc5 35. Rd8+ Kg7 36. Kf3 $1 Kf6 37. Rc8 Rc2 38. h4 h5 39. Ke3 Ke6 40. Rc7 Kf6 41. Rc6+ Ke7 42. e5 Kd7 43. Rf6 Ke7 44. Ke4 ({Better is} 44. Ra6 $16) 44... Rd2 45. f4 Rg2 46. Rc6 Re2+ 47. Kf3 $1 Rd2 48. Ke3 Rg2 (48... Rc2 $16 {was worth a try.}) 49. Rxc5 $18 Rxg3+ 50. Ke4 {d4 is the strong threat.} Rh3 51. Rc7+ $2 (51. d4 $18) 51... Ke8 $2 {[%mdl 8192]} (51... Ke6 $11) 52. d4 Rxh4 53. Rc8+ $1 Kd7 54. Rg8 ({White has to play} 54. Rf8 $1 $18 {[%cal Rf8f7]}) 54... Rh1 $11 55. d5 {[%cal Bd4d5,Bd5d6][%mdl 32] aiming for d6.} Re1+ 56. Kf3 {Hoping for d6.} Rf1+ ({Black should play} 56... Rb1 $14) 57. Ke3 $1 $16 {Strongly threatening Rf8.} Re1+ 58. Kf2 $1 Rd1 {[#]} (58... Re4 $16 {is a better defense.}) 59. d6 $1 $18 h4 {[#]} 60. Rh8 $2 ({White must play} 60. Ke2 $1 $18 {[%cal Re2d1]} Rd5 61. Kf3) 60... g5 $11 {The position is equal.} 61. Rh7 gxf4 62. Rxf7+ Ke6 63. Rxf4 Kxe5 64. Rxh4 Rxd6 65. Rh3 Rf6+ 66. Rf3 Rxf3+ 67. Kxf3 {Weighted Error Value: White=0.17 (very precise) /Black=0.29 (precise)} 1/2-1/2

[Event "Airthings Masters MCCT Prel 2022"]
[Site "Online"]
[Date "2022.02.13"]
[Round "14.6"]
[White "Kosteniuk, Alexandra"]
[Black "Hansen, Eric"]
[Result "1-0"]
[WhiteElo "2516"]
[BlackElo "2606"]
[Annotator "TA"]
[PlyCount "69"]
[EventDate "2022.02.18"]
[EventType "tourn"]
[EventCountry "NET"]
[SourceTitle "playchess.com"]
[Source "ChessBase"]
[SourceQuality "1"]

{[%evp 15,69,0,0,13,11,6,4,0,18,12,29,29,29,30,39,35,61,49,91,90,78,22,93,82,77,94,64,0,159,164,164,85,89,78,98,15,238,238,303,306,296,294,331,304,664,283,287,250,259,120,164,175,165,173,29998,29999]} 1. e4 e5 2. Nf3 Nc6 3. Bc4 Bc5 4. c3 Nf6 5. d4 exd4 6. cxd4 Bb4+ 7. Nbd2 d5 8. exd5 Nxd5 9. O-O {C54: Giuoco Piano: 4 c3 Nf6, main lines with 5 d4 and 5 d3.} O-O 10. a3 Bxd2 11. Bxd2 {The position is equal.} Bg4 {[%cal Oc6d4]} 12. h3 Bxf3 13. Qxf3 Nb6 14. Bd3 Nxd4 15. Qxb7 $40 {[%mdl 128] [#] White mounts an attack.} Rb8 $146 ({Predecessor:} 15... c6 16. Rad1 Nf3+ 17. gxf3 Qxd3 18. Qxc6 Qf5 19. Qe4 Qxh3 20. Qg4 Qxg4+ 21. fxg4 f5 {0-1 (65) Rosen,E (2382)-Santarius,E (2289) Saint Louis 2016}) 16. Qe4 {[%csl Gd3][%cal Re4h7] White is more active.} (16. Qxa7 Ne6 17. Bb4 (17. Qa6 $2 Nc5 $17) 17... Qxd3 $17) 16... f5 {[#]} (16... g6 $14) 17. Qe3 $1 $16 c5 {Hoping for ...Re8.} 18. Rad1 (18. Rfe1 $16) 18... Nd5 (18... Re8 $11 19. Qg5 Na4 20. Bc4+ Kh8 21. Qxd8 Rexd8) 19. Bc4 {Qe5 is the strong threat.} Kh8 20. Qe5 Nb6 {[#]} 21. Ba2 {A strong pair of Bishops.} (21. Bh6 $1 $14 Qf6 (21... Rb7 22. Qxc5) 22. Qxf6 Rxf6 23. Bf4) 21... Re8 $2 ({Black should play} 21... Nd7 $11 22. Qd5 Rxb2) 22. Qxc5 Na4 23. Qd5 (23. Qxa7 $18 Ra8 24. Qb7) 23... Nxb2 {Threatens to win with ...Qxd5.} 24. Rb1 Qf6 25. Rfe1 (25. Kh1 $16 {Black must now prevent Bc3.} Ne2 26. Ba5) 25... Red8 $2 (25... Ne2+ $1 $11 {and Black is okay.} 26. Kf1 Qa6) 26. Qa5 $18 {And now Bc3 would win.} Nd3 27. Rxb8 ({And not} 27. Qxa7 Ra8 28. Qe7 Nxe1 29. Qxf6 gxf6 $17) 27... Rxb8 28. Qxa7 Rf8 29. Re3 Nc6 $2 (29... Nf4 30. Qb7 Qd8) 30. Qb7 (30. Qc7 $142) 30... Nc5 31. Qb6 Ne4 32. Rd3 (32. Be1 $18 {is more deadly.}) 32... Rb8 (32... Qa1+ $16 {was called for.} 33. Bb1 (33. Qb1 Qxb1+ 34. Bxb1 Rb8 $16) 33... h6) 33. Qc7 Qa1+ 34. Kh2 {[%cal Oc7b8] White threatens Qxb8+! and mate.} Nxf2 $2 {[#]} (34... Qxa2 $18 35. Bf4 Rg8 36. Qxc6 Qxf2) 35. Qxb8+ $1 {[%mdl 512] Weighted Error Value: White=0.45/Black=0.65} 1-0

[Event "Airthings Masters MCCT Prel 2022"]
[Site "Online"]
[Date "2022.02.13"]
[Round "14.8"]
[White "Niemann, Hans Moke"]
[Black "Praggnanandhaa R"]
[Result "1-0"]
[WhiteElo "2642"]
[BlackElo "2612"]
[Annotator "TA"]
[PlyCount "85"]
[EventDate "2022.02.18"]
[EventType "tourn"]
[EventCountry "NET"]
[SourceTitle "playchess.com"]
[Source "ChessBase"]
[SourceQuality "1"]

{[%evp 9,85,7,14,0,0,0,0,-19,0,-13,0,0,0,-16,-29,-42,-43,-31,-42,-40,-33,-51,-45,-66,-97,-181,26,15,70,75,60,18,9,0,0,0,0,0,7,8,14,0,216,216,202,208,191,183,187,199,203,192,217,202,212,158,152,107,153,110,113,91,89,94,79,33,207,193,185,193,432,438,12845,12846,12847,330,12848,12848]} 1. c4 {Navara,David} e5 {[%cal Be7e5,Be5e4][%mdl 32]} 2. g3 c6 3. d4 e4 4. a3 d5 5. Nc3 Be7 6. Bg2 {A20: English Opening: 1...e5.} Nf6 7. f3 exf3 8. Nxf3 {The position is equal.} O-O 9. O-O h6 {[#]} 10. h3 $5 $146 {[%mdl 8] An interesting novelty.} ({Predecessor:} 10. cxd5 cxd5 11. Nh4 Nc6 12. Nf5 Be6 13. g4 Re8 14. Nxe7+ Nxe7 15. g5 hxg5 16. Bxg5 {½-½ (42) Navara,D (2717)-Vitiugov,N (2731) Prague 2020 CBM 195 [Navara,David]}) 10... Be6 11. g4 Ne4 $1 {To avoid g5} 12. Qc2 Nxc3 13. bxc3 Nd7 14. Rb1 Qc7 15. g5 Qg3 (15... dxc4 16. gxh6 g6 17. Ng5 Bxg5 18. Bxg5 $14) 16. gxh6 Bxh3 {[%csl Gh3][%cal Rg3g2]} 17. Rf2 (17. e3 $17) 17... g6 $2 (17... dxc4 18. Rxb7 Rfb8 19. Rxb8+ Rxb8 20. h7+ Kh8 21. Bf4 $1 Qxf4 22. Ne5 $14) (17... Nf6 $1 $19 {[%cal Rf6e4] Strongly threatening ...Ne4.} 18. Bf4 (18. hxg7 $2 Rfe8 $19) 18... Qxf4 19. hxg7 Rfe8 20. Bxh3 Qg3+ 21. Rg2 Qxh3) 18. Qd2 $11 {[%cal Oh6h7]} Bf5 (18... b5 $11) 19. Rxb7 $14 Rab8 20. Rxb8 (20. Rxa7 $14 Rb1 21. c5) 20... Rxb8 $11 21. Qf4 {Chess con chili.} Bd6 22. Qxg3 Bxg3 23. Rf1 {Hoping for Ng5.} Re8 24. cxd5 cxd5 25. Ng5 Nb6 (25... Nf6 $11) 26. Bh3 $1 $18 Bxh3 27. Rxf7 {Rg7+ would kill now.} Be6 28. Rg7+ Kh8 29. Rxg6 Bg8 30. h7 $1 Be1 31. Bf4 {White wants to mate with Be5+.} (31. hxg8=Q+ Rxg8 32. Rh6+ Kg7) 31... Nc4 {[%cal Og8f7] Prevents Be5+.} 32. hxg8=R+ ({But not} 32. hxg8=B Rxg8 33. Rh6+ Kg7) 32... Rxg8 33. Rh6+ Kg7 34. Ra6 (34. Rc6 $142 $1) 34... Bxc3 $16 35. e3 ({Of course not} 35. Rxa7+ $6 Kf6 36. Rf7+ Kg6 $11) 35... Bd2 36. Kf2 Re8 {[%cal Rd2e3]} 37. Rxa7+ (37. Re6 $1 $16 {[%cal Re6e8]} Rxe6 38. Nxe6+ Kf6 39. Nc7) 37... Kf6 $2 {Loses the game.} ({Black should play} 37... Kg8 $1 $14) 38. Ra6+ $1 $18 Kf5 {[%cal Rd2e3] [#]} 39. Nf7 $1 Ke4 {[#]} (39... Bxe3+ 40. Bxe3 Rf8 41. Nh6+ (41. Ra7 Ke6 $11) 41... Ke4+ 42. Ke2 Nxe3) 40. Ke2 $1 {aiming for Rf6.} Bc1 (40... Rg8 $142 41. Re6+ Kf5) 41. Rf6 {[%cal Rf7g5]} Rg8 42. Ng5+ Rxg5 43. Bxg5 {Weighted Error Value: White=0.10 (very precise) /Black=0.50} 1-0

[Event "Airthings Masters MCCT Prel 2022"]
[Site "Online"]
[Date "2022.02.13"]
[Round "15.1"]
[White "Praggnanandhaa R"]
[Black "Artemiev, Vladislav"]
[Result "1-0"]
[WhiteElo "2612"]
[BlackElo "2700"]
[Annotator "TA"]
[PlyCount "63"]
[EventDate "2022.02.18"]
[EventType "tourn"]
[EventCountry "NET"]
[SourceTitle "playchess.com"]
[Source "ChessBase"]
[SourceQuality "1"]

{[%evp 13,63,33,44,31,25,20,42,39,40,0,7,2,0,4,0,0,0,0,1,4,9,2,10,16,21,7,12,-8,18,13,8,0,10,0,6,0,18,3,113,113,111,77,80,33,87,99,116,118,1037,1014,969,898]} 1. e4 e5 2. Nf3 Nc6 3. Bc4 Nf6 4. d3 Be7 5. O-O O-O 6. Re1 d6 7. a4 h6 8. a5 {C55: Two Knights: 4 d3, 4 d4 exd4 5 e5 and Max Lange Attack.} a6 9. Nc3 Re8 10. h3 {White is slightly better.} Bf8 11. d4 {11.Nh2 is the modern continuation.} (11. Bd2 {keeps more tension.} Be6 12. Bxe6 fxe6 13. Ne2 d5 14. Ng3) 11... exd4 12. Nxd4 {[#]} d5 $146 ({Predecessor:} 12... Nxd4 13. Qxd4 Be6 14. Bf4 c6 15. Bf1 d5 16. exd5 Nxd5 17. Nxd5 Bxd5 18. Rxe8 Qxe8 {½-½ (41) Navara,D (2676)-Ivanchuk,V (2678) Chess.com INT 2021}) 13. Nxd5 Nxd5 14. Nxc6 (14. Bxd5 $2 Nxd4 15. Qxd4 c6 $17) 14... bxc6 15. exd5 Rxe1+ 16. Qxe1 cxd5 17. Bf1 c5 18. Bf4 Bb7 19. Qc3 Bc6 20. Rd1 {[%cal Ba1d1,Bd1d5,Bd5d7,Bd7e7,Be7c7,Bc7b7][%mdl 32]} Bb5 21. Bxb5 axb5 22. Qe5 Qxa5 23. Rxd5 Qa2 24. Rd7 g6 25. Qe4 Bg7 {[#]} (25... Ra4 $11 26. Qe5 Ra8) 26. b3 $1 $16 Rf8 27. Bd6 {[%csl LRc5,LRf8]} Qa8 28. Qf4 {White is much more active.} (28. Qxa8 $16 {Threatening mate with Qd5.} Rxa8 29. Bxc5) 28... Qe8 (28... Bd4 $1 $14) 29. Re7 $36 {[%mdl 2048] White is on the roll.} ({Wrong is} 29. Bxf8 $2 Qe1+ 30. Kh2 Be5 31. Bxh6 Bxf4+ 32. Bxf4 Qxf2 33. Rd8+ Kg7 $19) 29... Qa8 30. Rc7 {Threatens to win with g3.} Qd8 $2 {[%mdl 8192] [#]} (30... Qa1+ $16 31. Kh2 Qd4) 31. Bxf8 $18 Qxf8 32. Rb7 {Weighted Error Value: White=0.09 (flawless) /Black=0.17 (very precise)} 1-0